Metabolite Safety in Drug Development / (Record no. 353213)
[ view plain ]
| 000 -LEADER | |
|---|---|
| fixed length control field | 00340nam a2200109Ia 4500 |
| 008 - FIXED-LENGTH DATA ELEMENTS--GENERAL INFORMATION | |
| fixed length control field | 180116s9999 xx 000 0 und d |
| 020 ## - INTERNATIONAL STANDARD BOOK NUMBER | |
| International Standard Book Number | 9781118949658 |
| 100 ## - MAIN ENTRY--PERSONAL NAME | |
| Personal name | Iverson, Suzanne L. |
| 245 ## - TITLE STATEMENT | |
| Statement of responsibility, etc | Suzanne L. Iverson, Dennis A. Smith |
| Title | Metabolite Safety in Drug Development / |
| 260 ## - PUBLICATION, DISTRIBUTION, ETC. (IMPRINT) | |
| Name of publisher, distributor, etc | John Wiley & Sons, Inc |
| Date of publication, distribution, etc | 2016 |
| 300 ## - PHYSICAL DESCRIPTION | |
| Extent | 331 pages |
| Withdrawn status | Lost status | Damaged status | Home library | Current library | Shelving location | Date acquired | Source of acquisition | Total Checkouts | Full call number | Barcode | Date last seen | Price effective from | Koha item type |
|---|---|---|---|---|---|---|---|---|---|---|---|---|---|
| South SEED-LPDH College Library | South SEED-LPDH College Library | South SEED-LPDH College Section | 01/16/2018 | Library Fund | RM 301.55 .M587 2016 | SSLC1596 | 05/15/2018 | 01/16/2018 | Books |